000 00894nam a2200265Ia 4500
003 OSt
005 20221005113239.0
006 a|||||r|||| 00| 0
007 ta
008 221004b |||||||| |||| 00| 0 pan d
020 _a9789385670503 (hbk)
_cINR 175.00
024 _a44739
037 _b1055, 08/02/2019, H.K. Prakashan
_cTextual
040 _aCRL
_cCRL
_bpan
041 _2pan
_apan
082 _aO153,1NCHx, Q6
100 _aਚਾਂਦ, ਕਵਿੰਦਰ, ਂਚ.
245 0 _aਕਣ ਕਣ
260 _aਪਟਿਆਲਾ
_bਗ੍ਰੈFਿਅਸ ਭਾਰਤ
_c2016
300 _a78ਪ੍ਰ0
_ccm.
650 _a ਪੰਜਾਬੀ ਨਿਬੰਧ
650 _aਪੰਜਾਬੀ ਸਾਹਿਤ
942 _hO153,1NCHx, Q6
_cTEXL
_2cc
999 _c1027539
_d1027539